000 01220nam a2200181Ia 4500
008 100921s9999 xx 000 0 und d
082 _b43742
_a920 न 10
100 _aबुके टीम,उसी बायरॉन,अनु,जोशी सुभाष.
245 _aकोल्ड स्टील. (ब्रिटनमधील लक्ष्मी मित्तल यांची एका उद्योगसमूहाशी केेलेली लढाई).
260 _bमेहता प्रकाशन, पुणे.
_c2010
300 _a368
_bजयेश एजन्सी,पुणे.
365 _b300
520 _aचरित्रे-आठवणी.
630 _aकोल्ड स्टील. (ब्रिटनमधील लक्ष्मी मित्तल यांची एका उद्योगसमूहाशी केेलेली लढाई).
650 _aचरित्रे-आठवणी.
730 _aकोल्ड स्टील. (ब्रिटनमधील लक्ष्मी मित्तल यांची एका उद्योगसमूहाशी केेलेली लढाई).
942 _cBOOK
999 _c792855
_d792852